000 00769nam a22002177a 4500
003 OSt
005 20260316025051.0
008 260316b |||||||| |||| 00| 0 eng d
020 _a978-1-44410-0069-6
040 _aDWCL GS lib
_cOC
082 _2 C652 2010
100 _aCOATS, LUCY
245 _aGreek beasts and heroes : the silver chariot
_cCOATS, LUCY
260 _a London
_bOrion House
_c2010
300 _avii, 77 pages.
_c20cm.
520 _aGreek Beasts and Heroes: The Silver Chariot by Lucy Coats is the fifth book in a series where Atticus the Storyteller recounts tales of Greek mythology on his journey.
546 _aEnglish
650 _2Symbolism
650 _2importance of obeying the wisdom of elders.
942 _2ddc
_cFIC.
_hFic.
_n0
999 _c9136
_d9136